Win every argument. The art of debating, persuading, and public speaking.

Saved in:
Bibliografiske detaljer
Hovedforfatter: Hasan, Mehdi (Author)
Format: Ukendt
Udgivet: New York, USA: Henry Holt & Company, 2022.
Udgivelse:First edition.
Fag:
Tags: Tilføj Tag
Ingen Tags, Vær først til at tagge denne postø!

MARC

LEADER 00000 a2200000 4500
003 CL-VaPUC
005 20230929094833.0
008 230920t2022 ||||| |||| 00| 0 eng d
999 |c 441768  |d 441766 
020 |a 9781250853479 
040 |c Pontificia Universidad Católica de Valparaíso 
082 7 |a 808.53 HAS 2022  |2 22 
100 |a Hasan, Mehdi   |9 884557  |e author 
245 |a Win every argument.  |b The art of debating, persuading, and public speaking.  
250 |a First edition. 
260 |a New York, USA:   |b Henry Holt & Company,  |c 2022. 
300 |a 317 páginas.  
583 |k GC  |c 20230920 
650 0 |a Persuasión (Retórica)  |9 454735 
650 0 |a Razonamiento  |9 256520 
650 0 |a Arte de hablar en público  |9 335514 
942 |2 ddc  |c BK 
952 |0 0  |1 0  |2 ddc  |4 0  |6 808_530000000000000_HAS_2022  |7 0  |8 A  |9 591591  |a BIBCUR  |b BIBCUR  |c GEN  |d 2023-09-15  |e 1  |g 25441.00  |i 5658724  |o 808.53 HAS 2022  |p 5658724  |r 2025-04-22  |t 3  |v 25441.00  |w 2023-09-15  |y BK  |k QUI 
952 |0 0  |1 0  |2 ddc  |4 0  |6 808_530000000000000_HAS_2022  |7 0  |8 A  |9 591592  |a BIBCUR  |b BIBCUR  |c GEN  |d 2023-09-15  |e 1  |g 25441.00  |i 5658723  |l 1  |m 2  |o 808.53 HAS 2022  |p 5658723  |r 2025-04-22  |s 2023-10-17  |t 2  |v 25441.00  |w 2023-09-15  |y BK  |k QUI 
952 |0 0  |1 0  |2 ddc  |4 0  |6 808_530000000000000_HAS_2022  |7 0  |8 A  |9 591593  |a BIBCUR  |b BIBCUR  |c GEN  |d 2023-09-15  |e 1  |g 25441.00  |i 5658722  |o 808.53 HAS 2022  |p 5658722  |r 2025-04-22  |t 1  |v 25441.00  |w 2023-09-15  |y BK  |k QUI